Recent Work on Intrinsic Value /

Guardat en:
Dades bibliogràfiques
Autor principal: Toni Rønnow-Rasmussen, Michael J. Zimmerman (edición)
Format: Llibre
Idioma:anglès
Publicat: Dordrecht, Holanda : Springer, 2005, c2005
Col·lecció:(Library of Ethics and Applied Philosophy)
Accés en línia:Ver documento en línea
Etiquetes: Afegir etiqueta
Sense etiquetes, Sigues el primer a etiquetar aquest registre!

MARC

LEADER 00000nam^a22000000a04500
001 000599920
009 20260411195207.191
020 |a 978-1-4020-3846-4 
022 |a 2215-0323 
037 |a Acervo ITESO - Biblioteca 
041 |a ING 
082 |a Libro en línea 
100 |a Toni Rønnow-Rasmussen, Michael J. Zimmerman  |e (edición) 
245 |a Recent Work on Intrinsic Value / 
264 4 |a Dordrecht, Holanda :  |b Springer,  |c 2005, c2005 
264 2 |a Cham, Suiza :  |b Springer Link [distribución],  |c 2025 
300 |a 1 libro electrónico en línea (XL, 428 p.) 
300 |a 1 recurso en línea 
336 |a datos para computadora  |b cod  |2 rdacontenido 
337 |a computadora  |b c  |2 rdamedio 
338 |a recurso en línea  |b cr  |2 rdasoporte 
440 |a (Library of Ethics and Applied Philosophy) 
506 0 |a Licencias ilimitadas 
567 |a Catalogación rápida 
649 |a XX 
856 4 0 |u https://link-springer-com.ezproxy.iteso.mx/10.1007/1-4020-3846-1  |y Ver documento en línea 
910 |a Fondo General 
920 |a Electrónicos - Libros en Línea 
930 |a Plataforma Digital 
905 |a 205 
902 |a https://opac.biblio.iteso.mx/vufind/Record/000599920